[Event "14e Tournoi des 55 ans et plus de Muret"]
[Site "MURET (31)"]
[Date "2015.06.22"]
[Round "7.9"]
[White "De Lagontrie, Jean"]
[Black "Heude, Jean-Noel"]
[Result "1-0"]
[WhiteElo "1782"]
[BlackElo "1370"]
[PlyCount "85"]
[EventDate "2015.??.??"]

1. d4 {[%emt 0:00:00]} d5 {[%emt 0:00:00]} 2. c4 {[%emt 0:00:00]} c6 {
[%emt 0:00:00]} 3. Nf3 {[%emt 0:00:00]} Nf6 {[%emt 0:00:00]} 4. Nc3 {
[%emt 0:00:00]} Nbd7 {[%emt 0:00:00]} 5. e3 {[%emt 0:00:00]} g6 {[%emt 0:00:00]
} 6. b3 {[%emt 0:00:00]} Bg7 {[%emt 0:00:00]} 7. Bb2 {[%emt 0:00:00]} O-O {
[%emt 0:00:00]} 8. Bd3 {[%emt 0:00:00]} Re8 {[%emt 0:00:00]} 9. O-O {
[%emt 0:00:00]} b6 {[%emt 0:00:00]} 10. Qc2 {[%emt 0:00:00]} Bb7 {
[%emt 0:00:00]} 11. Rac1 {[%emt 0:00:00]} Rc8 {[%emt 0:00:00]} 12. Qb1 {
[%emt 0:00:00]} e6 {[%emt 0:00:00]} 13. Rfd1 {[%emt 0:00:00]} Rc7 {
[%emt 0:00:00]} 14. cxd5 {[%emt 0:00:00]} exd5 {[%emt 0:00:00]} 15. b4 {
[%emt 0:00:00]} Qc8 {[%emt 0:00:00]} 16. a4 {[%emt 0:00:00]} a6 {[%emt 0:00:00]
} 17. Nd2 {[%emt 0:00:00]} Re6 {[%emt 0:00:00]} 18. Nb3 {[%emt 0:00:00]} c5 {
[%emt 0:00:00]} 19. dxc5 {[%emt 0:00:00]} bxc5 {[%emt 0:00:00]} 20. Nxc5 {
[%emt 0:00:00]} Nxc5 {[%emt 0:00:00]} 21. bxc5 {[%emt 0:00:00]} Rxc5 {
[%emt 0:00:00]} 22. Ne2 {[%emt 0:00:00]} Rxc1 {[%emt 0:00:00]} 23. Rxc1 {
[%emt 0:00:00]} Rc6 {[%emt 0:00:00]} 24. Nd4 {[%emt 0:00:00]} Rxc1+ {
[%emt 0:00:00]} 25. Qxc1 {[%emt 0:00:00]} Ne4 {[%emt 0:00:00]} 26. Qxc8+ {
[%emt 0:00:00]} Bxc8 {[%emt 0:00:00]} 27. a5 {[%emt 0:00:00]} Nc5 {
[%emt 0:00:00]} 28. Bc2 {[%emt 0:00:00]} Bf6 {[%emt 0:00:00]} 29. f3 {
[%emt 0:00:00]} Kg7 {[%emt 0:00:00]} 30. Kf2 {[%emt 0:00:00]} Ne6 {
[%emt 0:00:00]} 31. Ke2 {[%emt 0:00:00]} Bd7 {[%emt 0:00:00]} 32. Kd2 {
[%emt 0:00:00]} Nxd4 {[%emt 0:00:00]} 33. Bxd4 {[%emt 0:00:00]} Bxd4 {
[%emt 0:00:00]} 34. exd4 {[%emt 0:00:00]} Kf6 {[%emt 0:00:00]} 35. Bd3 {
[%emt 0:00:00]} Bc8 {[%emt 0:00:00]} 36. Kc3 {[%emt 0:00:00]} Ke6 {
[%emt 0:00:00]} 37. Kb4 {[%emt 0:00:00]} Kd6 {[%emt 0:00:00]} 38. h4 {
[%emt 0:00:00]} h5 {[%emt 0:00:00]} 39. Be2 {[%emt 0:00:00]} f5 {[%emt 0:00:00]
} 40. f4 {[%emt 0:00:00]} Kc6 {[%emt 0:00:00]} 41. Bd1 {[%emt 0:00:00]} Be6 {
[%emt 0:00:00]} 42. Ba4+ {[%emt 0:00:00]} Kd6 {[%emt 0:00:00]} 43. Be8 {
[%emt 0:00:00]} 1-0

[Event "14e Tournoi des 55 ans et plus de Muret"]
[Site "MURET (31)"]
[Date "2015.06.22"]
[Round "7.10"]
[White "Schrader, Edmond"]
[Black "Auge, Jean"]
[Result "1/2-1/2"]
[WhiteElo "1673"]
[BlackElo "1745"]
[Annotator ",cash31"]
[PlyCount "43"]
[EventDate "2015.??.??"]

1. e4 {[%emt 0:00:00]} d5 {[%emt 0:00:00]} 2. exd5 {[%emt 0:00:00]} Nf6 {
[%emt 0:00:00]} 3. Nf3 {[%emt 0:00:00]} Qxd5 {[%emt 0:00:00]} 4. Nc3 {
[%emt 0:00:00]} Qa5 {[%emt 0:00:00]} 5. d4 {[%emt 0:00:00]} c6 {[%emt 0:00:00]}
6. Be2 {[%emt 0:00:00]} Bg4 {[%emt 0:00:00]} 7. O-O {[%emt 0:00:00]} Nbd7 {
[%emt 0:00:00]} 8. Ne5 {[%emt 0:00:00]} Bxe2 {[%emt 0:00:00]} 9. Qxe2 {
[%emt 0:00:00]} e6 {[%emt 0:00:00]} 10. Bf4 {[%emt 0:00:00]} Nxe5 {
[%emt 0:00:00]} 11. Bxe5 {[%emt 0:00:00]} Be7 {[%emt 0:00:00]} 12. Rad1 {
[%emt 0:00:00]} O-O-O {[%emt 0:00:00]} 13. a3 {[%emt 0:00:00]} Bd6 {
[%emt 0:00:00]} 14. b4 {[%emt 0:00:00]} Qxa3 {[%emt 0:00:00]} 15. Bxd6 {
[%emt 0:00:00]} Rxd6 {[%emt 0:00:00]} 16. Qc4 {[%emt 0:00:00]} Qa6 {
[%emt 0:00:00]} 17. b5 {[%emt 0:00:00]} Qb6 {[%emt 0:00:00]} 18. bxc6 {
[%emt 0:00:00]} Qxc6 {[%emt 0:00:00]} 19. Qd3 {[%emt 0:00:00]} Rhd8 {
[%emt 0:00:00]} 20. Nb5 {[%emt 0:00:00]} Kb8 {[%emt 0:00:00]} 21. Nxd6 {
[%emt 0:00:00]} Qxd6 {[%emt 0:00:00]} 22. Qg3 {[%emt 0:00:00]} 1/2-1/2


*

[Event "14e Tournoi des 55 ans et plus de Muret"]
[Site "MURET (31)"]
[Date "2015.06.22"]
[Round "7.11"]
[White "Bonnal, Louis"]
[Black "Parpinel, Mario"]
[Result "0-1"]
[WhiteElo "1635"]
[BlackElo "1612"]
[PlyCount "79"]
[EventDate "2015.??.??"]

1. e4 {[%emt 0:00:00]} g6 {[%emt 0:00:00]} 2. d4 {[%emt 0:00:00]} Bg7 {
[%emt 0:00:00]} 3. Nc3 {[%emt 0:00:00]} d6 {[%emt 0:00:00]} 4. Be3 {
[%emt 0:00:00]} Nf6 {[%emt 0:00:00]} 5. f3 {[%emt 0:00:00]} O-O {[%emt 0:00:00]
} 6. Qd2 {[%emt 0:00:00]} c6 {[%emt 0:00:00]} 7. Bh6 {[%emt 0:00:00]} Re8 {
[%emt 0:00:00]} 8. Bxg7 {[%emt 0:00:00]} Kxg7 {[%emt 0:00:00]} 9. O-O-O {
[%emt 0:00:00]} b5 {[%emt 0:00:00]} 10. h4 {[%emt 0:00:00]} h5 {[%emt 0:00:00]}
11. Nge2 {[%emt 0:00:00]} a5 {[%emt 0:00:00]} 12. Ng3 {[%emt 0:00:00]} a4 {
[%emt 0:00:00]} 13. Qg5 {[%emt 0:00:00]} Nh7 {[%emt 0:00:00]} 14. Qe3 {
[%emt 0:00:00]} b4 {[%emt 0:00:00]} 15. Nb1 {[%emt 0:00:00]} Qb6 {
[%emt 0:00:00]} 16. Bc4 {[%emt 0:00:00]} e6 {[%emt 0:00:00]} 17. Rhe1 {
[%emt 0:00:00]} Ba6 {[%emt 0:00:00]} 18. Nd2 {[%emt 0:00:00]} Nd7 {
[%emt 0:00:00]} 19. Bxa6 {[%emt 0:00:00]} Qxa6 {[%emt 0:00:00]} 20. Qe2 {
[%emt 0:00:00]} Nb6 {[%emt 0:00:00]} 21. Ngf1 {[%emt 0:00:00]} d5 {
[%emt 0:00:00]} 22. e5 {[%emt 0:00:00]} Nc4 {[%emt 0:00:00]} 23. Ne3 {
[%emt 0:00:00]} Nxd2 {[%emt 0:00:00]} 24. Qxd2 {[%emt 0:00:00]} b3 {
[%emt 0:00:00]} 25. a3 {[%emt 0:00:00]} Rab8 {[%emt 0:00:00]} 26. Qc3 {
[%emt 0:00:00]} Rb5 {[%emt 0:00:00]} 27. Rd2 {[%emt 0:00:00]} Rc8 {
[%emt 0:00:00]} 28. Rd3 {[%emt 0:00:00]} c5 {[%emt 0:00:00]} 29. Qd2 {
[%emt 0:00:00]} bxc2 {[%emt 0:00:00]} 30. Rc3 {[%emt 0:00:00]} cxd4 {
[%emt 0:00:00]} 31. Rxc8 {[%emt 0:00:00]} Qxc8 {[%emt 0:00:00]} 32. Nxc2 {
[%emt 0:00:00]} Rc5 {[%emt 0:00:00]} 33. Kb1 {[%emt 0:00:00]} Nf8 {
[%emt 0:00:00]} 34. Nxd4 {[%emt 0:00:00]} Nd7 {[%emt 0:00:00]} 35. f4 {
[%emt 0:00:00]} Nb6 {[%emt 0:00:00]} 36. Rc1 {[%emt 0:00:00]} Nc4 {
[%emt 0:00:00]} 37. Qe1 {[%emt 0:00:00]} Qb8 {[%emt 0:00:00]} 38. Qb4 {
[%emt 0:00:00]} Qxb4 {[%emt 0:00:00]} 39. axb4 {[%emt 0:00:00]} Nd2+ {
[%emt 0:00:00]} 40. Ka1 {[%emt 0:00:00]} 0-1

[Event "14e Tournoi des 55 ans et plus de Muret"]
[Site "MURET (31)"]
[Date "2015.06.22"]
[Round "7.12"]
[White "Lamory, Jacques"]
[Black "Orlovic, Lucie"]
[Result "1-0"]
[WhiteElo "1170"]
[BlackElo "1019"]
[PlyCount "34"]
[EventDate "2015.??.??"]

1. d4 {[%emt 0:00:00]} d5 {[%emt 0:00:00]} 2. Nf3 {[%emt 0:00:00]} Nf6 {
[%emt 0:00:00]} 3. g3 {[%emt 0:00:00]} Bf5 {[%emt 0:00:00]} 4. Bg2 {
[%emt 0:00:00]} e6 {[%emt 0:00:00]} 5. Bg5 {[%emt 0:00:00]} h6 {[%emt 0:00:00]}
6. Bf4 {[%emt 0:00:00]} Bd6 {[%emt 0:00:00]} 7. Ne5 {[%emt 0:00:00]} O-O {
[%emt 0:00:00]} 8. O-O {[%emt 0:00:00]} Re8 {[%emt 0:00:00]} 9. Nd2 {
[%emt 0:00:00]} Nh5 {[%emt 0:00:00]} 10. Be3 {[%emt 0:00:00]} f6 {
[%emt 0:00:00]} 11. g4 {[%emt 0:00:00]} Bxe5 {[%emt 0:00:00]} 12. gxh5 {
[%emt 0:00:00]} Bd6 {[%emt 0:00:00]} 13. c4 {[%emt 0:00:00]} b6 {[%emt 0:00:00]
} 14. cxd5 {[%emt 0:00:00]} e5 {[%emt 0:00:00]} 15. f4 {[%emt 0:00:00]} e4 {
[%emt 0:00:00]} 16. Qe1 {[%emt 0:00:00]} Bg4 {[%emt 0:00:00]} 17. Nxe4 {
[%emt 0:00:00]} Bxh5 {[%emt 0:00:00]} 1-0